[Event "BCF-chT3N 1718 (4NCL)"]
[Site "England"]
[Date "2017.11.11"]
[Round "1.53"]
[White "Edwards, Simon R"]
[Black "Bennett, Patrick"]
[Result "1-0"]
[WhiteElo "1940"]
[BlackElo "2013"]
[PlyCount "43"]
[EventDate "2017.11.11"]
[EventType "team-swiss"]
[EventRounds "11"]
[EventCountry "ENG"]
[SourceTitle "EXT 2020"]
[Source "ChessBase"]
[SourceDate "2019.10.17"]
[SourceVersion "1"]
[SourceVersionDate "2019.10.17"]
[SourceQuality "1"]
[WhiteTeam "Cheddleton II"]
[BlackTeam "Holmes Chapel"]
[WhiteTeamCountry "ENG"]
[BlackTeamCountry "ENG"]

1. e4 g6 2. Nf3 Bg7 3. d4 d6 4. Nc3 a6 5. Bg5 b5 6. Qd2 Bb7 7. Bd3 Nd7 8. 0-0-0 c5 9. dxc5 Nxc5 10. Nd5 Na4 11. c3 Rc8 12. Bc2 Bxd5 13. Qxd5 Nxb2 14. Kxb2 Qa5 15. Rd3 Bxc3+ 16. Kb1 Nf6 17. Bxf6 Bxf6 18. e5 Qc7 19. Bb3 e6 20. Qxd6 Be7 21. Qxc7 Rxc7 22. Rc1 1-0

[Event "BCF-chT3N 1617 (4NCL)"]
[Site "England"]
[Date "2017.01.15"]
[Round "4.21"]
[White "Galyas, Miklos"]
[Black "Bennett, Patrick"]
[Result "1-0"]
[WhiteElo "2491"]
[BlackElo "2008"]
[PlyCount "55"]
[EventDate "2016.11.26"]
[EventType "team-swiss"]
[EventRounds "11"]
[EventCountry "ENG"]
[SourceTitle "EXT 2019"]
[Source "ChessBase"]
[SourceDate "2018.10.10"]
[SourceVersion "1"]
[SourceVersionDate "2018.10.10"]
[SourceQuality "1"]
[WhiteTeam "Manx Liberty"]
[BlackTeam "Holmes Chapel"]
[WhiteTeamCountry "IOM"]
[BlackTeamCountry "ENG"]

1. c4 e5 2. g3 Nf6 3. Bg2 d5 4. cxd5 Nxd5 5. Nc3 Nb6 6. e3 Be7 7. Nge2 0-0 8. 0-0 N8d7 9. f4 exf4 10. Nxf4 Nf6 11. b3 c6 12. Bb2 Bg4 13. Qc2 Qd7 14. Ne4 Nfd5 15. Nf2 Nxf4 16. gxf4 Be6 17. Kh1 f5 18. Nd3 Bd5 19. Rg1 Bf6 20. Ne5 Qe6 21. d3 Bxg2+ 22. Rxg2 Nd7 23. Rag1 Nxe5 24. fxe5 Bxe5 25. Rxg7+ Kh8 26. Qg2 Qf6 27. Bxe5 Qxe5 28. Rxh7+ 1-0

[Event "BCF-chT3N 1617 (4NCL)"]
[Site "England"]
[Date "2017.01.14"]
[Round "3.23"]
[White "Bennett, Patrick"]
[Black "Jaques, Andrew"]
[Result "1-0"]
[WhiteElo "2008"]
[BlackElo "1952"]
[PlyCount "65"]
[EventDate "2016.11.26"]
[EventType "team-swiss"]
[EventRounds "11"]
[EventCountry "ENG"]
[SourceTitle "EXT 2019"]
[Source "ChessBase"]
[SourceDate "2018.10.10"]
[SourceVersion "1"]
[SourceVersionDate "2018.10.10"]
[SourceQuality "1"]
[WhiteTeam "Holmes Chapel"]
[BlackTeam "Manchester Manticores III"]
[WhiteTeamCountry "ENG"]
[BlackTeamCountry "ENG"]

1. c4 g6 2. g3 Bg7 3. Bg2 d6 4. e4 Nf6 5. Nc3 0-0 6. Nge2 Nbd7 7. 0-0 c6 8. d3 a6 9. Qc2 e5 10. Kh1 b5 11. f4 Bb7 12. Be3 Nb6 13. c5 dxc5 14. Bxc5 Re8 15. f5 Nbd7 16. Bg1 c5 17. fxg6 hxg6 18. a4 b4 19. Nd1 Qe7 20. Ne3 Rab8 21. b3 Bh6 22. Nc4 Kg7 23. Be3 Rh8 24. Bf3 Qe6 25. Bxh6+ Rxh6 26. Ne3 Qh3 27. Rf2 Rbh8 28. g4 R6h7 29. Raf1 Bc8 30. g5 Qxf3+ 31. Rxf3 Rxh2+ 32. Kg1 Rh1+ 33. Kf2 1-0

[Event "BCF-chT3N 1617 (4NCL)"]
[Site "England"]
[Date "2016.11.27"]
[Round "2.63"]
[White "Bennett, Patrick"]
[Black "Lonsdale, Jon I"]
[Result "1-0"]
[WhiteElo "2008"]
[BlackElo "1817"]
[PlyCount "35"]
[EventDate "2016.11.26"]
[EventType "team-swiss"]
[EventRounds "11"]
[EventCountry "ENG"]
[SourceTitle "EXT 2019"]
[Source "ChessBase"]
[SourceDate "2018.10.10"]
[SourceVersion "1"]
[SourceVersionDate "2018.10.10"]
[SourceQuality "1"]
[WhiteTeam "Holmes Chapel"]
[BlackTeam "Manchester Manticores IV"]
[WhiteTeamCountry "ENG"]
[BlackTeamCountry "ENG"]

1. d4 Nf6 2. Nf3 e6 3. g3 b5 4. Bg2 Bb7 5. 0-0 c5 6. Bg5 Be7 7. dxc5 Bxc5 8. Qd3 a6 9. a4 b4 10. Nbd2 h6 11. Bf4 d5 12. Nb3 Be7 13. Rfc1 0-0 14. c4 dxc4 15. Qxc4 Bd5 16. Qd3 Nc6 17. Nbd2 Nh5 18. e4 1-0

[Event "BCF-chT3N 1617 (4NCL)"]
[Site "England"]
[Date "2016.11.26"]
[Round "1.51"]
[White "Whitfield, Craig M"]
[Black "Bennett, Patrick"]
[Result "1/2-1/2"]
[WhiteElo "2155"]
[BlackElo "2008"]
[PlyCount "98"]
[EventDate "2016.11.26"]
[EventType "team-swiss"]
[EventRounds "11"]
[EventCountry "ENG"]
[SourceTitle "EXT 2019"]
[Source "ChessBase"]
[SourceDate "2018.10.10"]
[SourceVersion "1"]
[SourceVersionDate "2018.10.10"]
[SourceQuality "1"]
[WhiteTeam "Cheddleton II"]
[BlackTeam "Holmes Chapel"]
[WhiteTeamCountry "ENG"]
[BlackTeamCountry "ENG"]

1. e4 c5 2. Nf3 g6 3. d4 cxd4 4. Nxd4 Bg7 5. Nc3 Nc6 6. Nde2 Nf6 7. g3 0-0 8. Bg2 d6 9. 0-0 Bd7 10. h3 Na5 11. a4 Bc6 12. Re1 a6 13. Nd4 Bd7 14. Qd3 Rc8 15. b3 Nc6 16. Nxc6 Bxc6 17. Bf4 Nd7 18. Bd2 Nc5 19. Qe3 Ne6 20. Rad1 Nd4 21. Qd3 b5 22. axb5 axb5 23. Na2 Bd7 24. Nb4 Be6 25. Be3 Qa5 26. Bxd4 Qxb4 27. Bxg7 Kxg7 28. Bf1 Rc3 29. Qxb5 Qxb5 30. Bxb5 Rxc2 31. b4 Bxh3 32. Ba6 Rb8 33. b5 Be6 34. e5 d5 35. Rc1 Rc4 36. Rxc4 dxc4 37. Kf1 g5 38. Ke2 Bf5 39. Kd2 Kf8 40. Kc3 Bd3 41. e6 f6 42. f4 gxf4 43. gxf4 Ke8 44. Kd4 Kd8 45. Kc5 Kc7 46. Rg1 Bg6 47. Rd1 Bd3 48. Rg1 Bg6 49. Rd1 Bd3 1/2-1/2

[Event "BCF-chT3Na 1516 (4NCL)"]
[Site "England"]
[Date "2016.01.16"]
[Round "3.76"]
[White "Bennett, Patrick"]
[Black "Miles, Richard"]
[Result "1/2-1/2"]
[WhiteElo "2011"]
[BlackElo "1951"]
[PlyCount "39"]
[EventDate "2015.11.14"]
[EventType "team-swiss"]
[EventRounds "7"]
[EventCountry "ENG"]
[SourceTitle "CBM 170 Extra"]
[Source "ChessBase"]
[SourceDate "2016.02.25"]
[SourceVersion "1"]
[SourceVersionDate "2016.02.25"]
[SourceQuality "1"]
[WhiteTeam "Holmes Chapel"]
[BlackTeam "Spirit of Atticus III"]
[WhiteTeamCountry "ENG"]
[BlackTeamCountry "ENG"]

1. d4 d5 2. c4 e6 3. Nc3 c6 4. Nf3 dxc4 5. e3 b5 6. a4 Bb4 7. Bd2 a5 8. Ne5 Qc7 9. axb5 Bxc3 10. Bxc3 cxb5 11. b3 Bb7 12. bxc4 b4 13. Bb2 Nf6 14. Bd3 0-0 15. 0-0 Nbd7 16. f4 Be4 17. Nxd7 Qxd7 18. d5 Bxd3 19. Qxd3 a4 20. Bxf6 1/2-1/2

[Event "EU-chT Seniors"]
[Site "Vienna"]
[Date "2015.07.17"]
[Round "6.20"]
[White "Haertl, Siegfried"]
[Black "Bennett, Patrick"]
[Result "1/2-1/2"]
[WhiteElo "2050"]
[BlackElo "2004"]
[PlyCount "77"]
[EventDate "2015.07.12"]
[EventType "team-swiss"]
[EventRounds "9"]
[EventCountry "AUT"]
[SourceTitle "EXT 2018"]
[Source "ChessBase"]
[SourceDate "2017.10.13"]
[SourceVersion "1"]
[SourceVersionDate "2017.10.13"]
[SourceQuality "1"]
[WhiteTeam "Voralberg"]
[BlackTeam "Wales Dyfed"]
[WhiteTeamCountry "AUT"]
[BlackTeamCountry "WLS"]

1. d4 d5 2. c4 e6 3. Nf3 Nf6 4. e3 Be7 5. Bd3 Nbd7 6. Nc3 0-0 7. 0-0 b6 8. b3 Bb7 9. Bb2 c5 10. Re1 Rc8 11. Ne5 cxd4 12. exd4 dxc4 13. Bxc4 Bb4 14. Rc1 Nxe5 15. Rxe5 Bd6 16. Re1 Bf4 17. Ra1 Bb8 18. Re3 Qd6 19. Rh3 Rfd8 20. Ne2 b5 21. Bd3 Qd5 22. Qf1 Ne4 23. Rd1 Ng5 24. Re3 f5 25. f4 Ne4 26. Bxe4 fxe4 27. Nc3 Qf5 28. g3 b4 29. Na4 Rc2 30. Rc1 Rdc8 31. Rxc2 Rxc2 32. Qd1 Bxf4 33. gxf4 Qxf4 34. Qxc2 Qxe3+ 35. Qf2 Qd3 36. Qf4 Bd5 37. Qb8+ Kf7 38. Qc7+ Kf6 39. Qf4+ 1/2-1/2

[Event "BCF-chT3 1415 (4NCL)"]
[Site "England"]
[Date "2015.05.04"]
[Round "11.196"]
[White "Bennett, Patrick"]
[Black "Hewitt, Sean"]
[Result "1-0"]
[WhiteElo "1997"]
[BlackElo "1869"]
[PlyCount "75"]
[EventDate "2015.03.21"]
[EventType "team-swiss"]
[EventRounds "11"]
[EventCountry "ENG"]
[SourceTitle "EXT 2016"]
[Source "ChessBase"]
[SourceDate "2015.10.08"]
[SourceVersion "1"]
[SourceVersionDate "2015.10.08"]
[SourceQuality "1"]
[WhiteTeam "Holmes Chapel"]
[BlackTeam "e2e4.org.uk IV"]
[WhiteTeamCountry "ENG"]
[BlackTeamCountry "ENG"]

1. d4 Nf6 2. c4 g6 3. g3 Bg7 4. Bg2 0-0 5. Nf3 d5 6. cxd5 Nxd5 7. 0-0 c6 8. e4 Nc7 9. h3 Nd7 10. Nc3 e5 11. Bg5 Qe8 12. d5 cxd5 13. exd5 h6 14. Be3 Kh7 15. Qc2 Qd8 16. Rad1 Ne8 17. Nh4 Nd6 18. Rfe1 b6 19. Ne4 Nxe4 20. Bxe4 f5 21. Qc6 Nf6 22. Qxa8 Nxe4 23. Qxa7 f4 24. Qxb6 fxe3 25. Qxg6+ Kg8 26. Rxe3 Nxf2 27. Rd2 Nxh3+ 28. Kh2 Rf6 29. Qd3 Qd7 30. Nf3 Rf5 31. g4 Rxf3 32. Rxf3 Nf4 33. Rxf4 exf4 34. d6 Qxg4 35. d7 Bxd7 36. Qxd7 Qg3+ 37. Kh1 f3 38. Qe6+ 1-0

[Event "BCF-chT3 1415 (4NCL)"]
[Site "England"]
[Date "2015.03.21"]
[Round "7.197"]
[White "Goodger, Martyn"]
[Black "Bennett, Patrick"]
[Result "1-0"]
[WhiteElo "2104"]
[BlackElo "1997"]
[PlyCount "79"]
[EventDate "2015.03.21"]
[EventType "team-swiss"]
[EventRounds "11"]
[EventCountry "ENG"]
[SourceTitle "EXT 2016"]
[Source "ChessBase"]
[SourceDate "2015.10.08"]
[SourceVersion "1"]
[SourceVersionDate "2015.10.08"]
[SourceQuality "1"]
[WhiteTeam "Poisoned Pawns"]
[BlackTeam "Holmes Chapel"]
[WhiteTeamCountry "ENG"]
[BlackTeamCountry "ENG"]

1. e4 c5 2. c3 d5 3. exd5 Qxd5 4. d4 e6 5. a3 Nf6 6. Nf3 Nc6 7. Be3 cxd4 8. cxd4 Qa5+ 9. Nc3 Bd6 10. Bd3 Nd5 11. Bd2 Nf4 12. Bc4 Qf5 13. 0-0 0-0 14. g3 Nd5 15. Re1 Nxc3 16. Bxc3 Qh5 17. Re4 Be7 18. Qe2 b6 19. h4 Qh6 20. Re1 Bb7 21. d5 Na5 22. Bd2 Qg6 23. Ne5 Qf5 24. g4 Qxe4 25. Qxe4 Nxc4 26. Qxc4 Bxd5 27. Qf4 Bd6 28. Qe3 Rac8 29. Bc3 f6 30. Nf3 Rc4 31. Nh2 f5 32. Qg5 Bxh2+ 33. Kxh2 Rxg4 34. Qe7 Rg2+ 35. Kh3 Rf7 36. Qd8+ Rf8 37. Qc7 Rf7 38. Qb8+ Rf8 39. Qxa7 Rxf2 40. Qxg7# 1-0

[Event "BCF-chT3 1314 (4NCL)"]
[Site "England"]
[Date "2014.05.03"]
[Round "9.207"]
[White "Bennett, Patrick"]
[Black "Cooke, Charlie"]
[Result "1-0"]
[WhiteElo "2021"]
[BlackElo "1754"]
[PlyCount "127"]
[EventDate "2013.11.16"]
[EventType "team-swiss"]
[EventRounds "11"]
[EventCountry "ENG"]
[SourceTitle "EXT 2015"]
[Source "ChessBase"]
[SourceDate "2014.11.20"]
[SourceVersion "1"]
[SourceVersionDate "2014.11.20"]
[SourceQuality "1"]
[WhiteTeam "Holmes Chapel"]
[BlackTeam "BCM Hippos III"]
[WhiteTeamCountry "ENG"]
[BlackTeamCountry "ENG"]

1. d4 d5 2. c4 e6 3. Nf3 Nf6 4. g3 c6 5. Qc2 Nbd7 6. Bg2 Ne4 7. 0-0 Be7 8. Nfd2 Nxd2 9. Nxd2 Nf6 10. b3 0-0 11. Bb2 Bd7 12. Rad1 Rc8 13. Nf3 Qc7 14. Ne5 Be8 15. Kh1 Nd7 16. Nf3 Nf6 17. Rc1 Rd8 18. Ne5 Qd6 19. Bc3 Nd7 20. Nd3 Qb8 21. e4 Nf6 22. e5 Nd7 23. Qe2 Kh8 24. f4 Rg8 25. f5 Nf8 26. c5 exf5 27. Rxf5 Ne6 28. Rcf1 g6 29. R5f2 Qc7 30. h4 Bf8 31. Bh3 Bh6 32. Bxe6 fxe6 33. Rf6 Qe7 34. Qg4 Bd7 35. Rf7 Qe8 36. Nf4 Qxf7 37. Bd2 Bxf4 38. Rxf4 Qe8 39. Rf6 Rf8 40. Qf3 Kg8 41. Bh6 Rf7 42. h5 gxh5 43. Qf4 Rb8 44. Qg5+ Kh8 45. Qf4 Rg7 46. Bxg7+ Kxg7 47. Qg5+ Kh8 48. Qf4 Qg8 49. Rf7 Qg6 50. Rxd7 Kg8 51. Qf6 Qxf6 52. exf6 Rf8 53. Rg7+ Kh8 54. Rxb7 Rxf6 55. Rxa7 Rf3 56. Rc7 Rd3 57. Rxc6 Rxd4 58. Rxe6 Rd1+ 59. Kg2 Rd2+ 60. Kf3 Rxa2 61. b4 Rb2 62. c6 Rb3+ 63. Re3 Rxb4 64. c7 1-0